Vista normal Vista MARC

Entrada Materia (tema)

Número de registros utilizados en: 1

001 - CONTROL NUMBER

  • control field: 172268

003 - CONTROL NUMBER IDENTIFIER

  • control field: Co-BoUCM

005 - DATE AND TIME OF LATEST TRANSACTION

  • control field: 20211124145123.0

008 - FIXED-LENGTH DATA ELEMENTS

  • fixed length control field: 211124|| aca||aabn | a|a d

040 ## - CATALOGING SOURCE

  • Original cataloging agency: Co-BoUCM
  • Transcribing agency: Co-BoUCM

150 ## - HEADING--TOPICAL TERM

  • Topical term or geographic name as entry element: Drecho civil
  • General subdivision: Rentas

670 ## - SOURCE DATA FOUND

  • Source citation: Work cat.: (Co-BoUCM)73874: Pérez de Lara, Alonso 38507 1565 –1639, Ildephonsi Perez de Lara ... De Anniversariis et Capellaniis libri duo., 1672